| 000 | 00844nam a2200217 i 4500 | ||
|---|---|---|---|
| 001 | 73798 | ||
| 003 | ES-MaACL | ||
| 005 | 20230906171927.0 | ||
| 007 | t| | ||
| 008 | 040913s1971 sp ||||1| spa d | ||
| 100 | 0 |
_aGómez-Tabanera, José Manuel, _d1926-2011 _958165 |
|
| 245 | 1 | 0 |
_aTeoría e Historia de la Etnografía / _cJosé Manuel Gómez-Tabanera ; [prólogo de Pedro Laín Entralgo]. |
| 260 |
_aMadrid : _bTesoro, _c[1971] |
||
| 300 |
_a1 v. : _bil. ; _c22 cm. |
||
| 490 | 1 | _aPublicaciones del Instituto Español de Antropología Aplicada | |
| 505 | 8 | _aContiene: V. I: De los orígenes al crepúsculo del mundo medieval | |
| 700 | 1 |
_aLaín Entralgo, Pedro, _d1908-2001 _969681 |
|
| 830 | 0 |
_aPublicaciones del Instituto Español de Antropología Aplicada _9226729 |
|
| 852 |
_aES-MaACL _jP-1743 _bR.79834 |
||
| 999 |
_c73798 _d73798 |
||